| 000 | 01170nam a2200253 a 4500 | ||
|---|---|---|---|
| 001 | 65175 | ||
| 003 | BD-RjUL | ||
| 005 | 20211209081408.0 | ||
| 008 | 161016m1950 ii |||| |||| 000 0 ben d | ||
| 020 | _c: Tk. 6.00 | ||
| 035 | _a(BD-RjUL)65305 | ||
| 040 |
_aBD-RjUL _bben _cBD-RjUL _dBD-RjUL |
||
| 041 | _aben | ||
| 082 |
_223 _a891.44209 _bBHN 1950 |
||
| 100 | 1 |
_aভট্টাচার্য্য, সাধনকুমার _9158444 |
|
| 245 | 1 | 0 |
_aনাট্য সাহিত্যের আলোচনা ও নাটক বিচার / _cসাধন কুমার ভট্টাচার্য্য ও শ্রীকুমার বন্দোপাধ্যায় |
| 260 |
_aকলিকাতা : _bপুথিঘর, _c১৯৫০ [১৩৫৭] |
||
| 300 |
_aখন্ড. ; _c১৭ সেমি. |
||
| 505 | _aখন্ড. ২. -- | ||
| 650 |
_aবাংলা নাটক _vইতিহাস ও সমালোচনা _9123606 |
||
| 650 |
_aBengali drama _vHistory and Criticism _9117436 |
||
| 700 |
_aবন্দোপাধ্যায় , শ্রীকুমার _9244905 |
||
| 942 |
_2ddc _cBK |
||
| 999 |
_c65175 _d65175 |
||